Der Mittelstand in der kapitalistischen Gesellschaft
Guardado en:
| Formato: | Libro |
|---|---|
| Lenguaje: | alemán |
| Publicado: |
Leipzig
Hirschfeld
1932
|
| Etiquetas: |
Sin Etiquetas, Sea el primero en etiquetar este registro!
|
MARC
| LEADER | 00000nam a2200000 4500 | ||
|---|---|---|---|
| 001 | 0307662 | ||
| 005 | 20250317094004.5 | ||
| 041 | 0 | |a ger | |
| 044 | |a DE | ||
| 245 | 1 | 0 | |a Der Mittelstand in der kapitalistischen Gesellschaft |c Emil Grünberg |
| 264 | 1 | |a Leipzig |b Hirschfeld |c 1932 | |